000 01239nam a2200373 c 4500
001 52586
003 ES-MaCES
005 20250203134105.0
008 221202s2022 sp 000 ||spa d
017 _aV 1167-2022
_bDL
020 _a9788419226150
040 _aES-MaCES
_bspa
_cES-MaCES
100 1 _99316
_aCastro García, Carmen
245 1 0 _aClaves feministas para transiciones económicas
_cCarmen Castro García
260 _aValencia
_bTirant Humanidades
_c2022
300 _a200 p.
_c22 cm
490 1 _aQuaderns Feministes
504 _aBibliografía: p. 195-200
541 _cCompra
650 4 _amujeres
_928657
650 4 _adiscriminación por razones de sexo
_929521
650 4 _adivisión del trabajo por sexo
_930439
650 4 _apolítica gubernamental
_927211
650 4 _apolítica económica
_927025
650 4 _acuidado no profesional
_930651
650 4 _aplanificación en función del género
_930645
650 4 _aparticipación de la mujer en el desarrollo
_930663
650 4 _aigualdad de oportunidades
_927183
650 4 _aanálisis económico
_927070
653 1 0 _aPolítica económica
830 0 _940446
_aQuaderns Feministes
902 _aLIB Libro
942 _2CES
_cBK
_h0.0.
999 _c52586
_d52586